<?xml version='1.0' encoding='UTF-8'?>
  <record xmlns="http://www.loc.gov/MARC21/slim">
    <leader>00000cam a2200000 i 4500</leader>
    <controlfield tag="001">ocn967543436</controlfield>
    <controlfield tag="003">OCoLC</controlfield>
    <controlfield tag="005">20260302054712.4</controlfield>
    <controlfield tag="008">991018s1486    it            000 0 lat d</controlfield>
    <datafield tag="040" ind1=" " ind2=" ">
      <subfield code="a">QGJ</subfield>
      <subfield code="b">eng</subfield>
      <subfield code="e">rda</subfield>
      <subfield code="e">dcrmr</subfield>
      <subfield code="c">QGJ</subfield>
      <subfield code="d">OCLCL</subfield>
      <subfield code="d">OCLCQ</subfield>
      <subfield code="d">QGJ</subfield>
    </datafield>
    <datafield tag="035" ind1=" " ind2=" ">
      <subfield code="a">(OCoLC)967543436</subfield>
    </datafield>
    <datafield tag="100" ind1="1" ind2=" ">
      <subfield code="a">Tiene, Gaetano,</subfield>
      <subfield code="d">1387-approximately 1462,</subfield>
      <subfield code="e">author.</subfield>
      <subfield code="4">aut</subfield>
      <subfield code="1">https://id.oclc.org/worldcat/entity/E39PBJdWRXVGYRrwvKJcVWpMfq</subfield>
    </datafield>
    <datafield tag="240" ind1="1" ind2="0">
      <subfield code="a">Expositio in libros Aristotelis De anima, De sensu agente, De sensibilibus communibus et de intellectu.</subfield>
    </datafield>
    <datafield tag="245" ind1="1" ind2="0">
      <subfield code="a">Expositio clarissimi [et] celeberrimi philosophi Gaetani Thiene[n]sis super libros de a[n]i[m]a Aristotelis philosopho[rum] principis grecorum sapientissimi.</subfield>
    </datafield>
    <datafield tag="246" ind1="1" ind2=" ">
      <subfield code="i">Title of first work according to ISTC:</subfield>
      <subfield code="a">Expositio in Aristotelem De anima ; De sensu agente</subfield>
    </datafield>
    <datafield tag="246" ind1="1" ind2=" ">
      <subfield code="i">Title of first work according to GW:</subfield>
      <subfield code="a">Expositio super Aristotelis libros de anima ; Quaestio de sensu agente</subfield>
    </datafield>
    <datafield tag="246" ind1="1" ind2=" ">
      <subfield code="i">Title of first work according to IDL:</subfield>
      <subfield code="a">Commentaria in Aristotelis De anima ; De sensu agente</subfield>
    </datafield>
    <datafield tag="246" ind1="1" ind2=" ">
      <subfield code="i">Title of first work according to BSB-Ink:</subfield>
      <subfield code="a">Expositio super libros De anima Aristotelis ; Quaestiones de sensu agente, de sensibilibus communibus et de intellectu</subfield>
    </datafield>
    <datafield tag="246" ind1="1" ind2=" ">
      <subfield code="i">Title of second work according to ISTC:</subfield>
      <subfield code="a">De substantia orbis Averrois</subfield>
    </datafield>
    <datafield tag="246" ind1="1" ind2=" ">
      <subfield code="i">Title of second work according to GW:</subfield>
      <subfield code="a">Quaestiones super libro Aristotelis de substantia orbis</subfield>
    </datafield>
    <datafield tag="246" ind1="1" ind2=" ">
      <subfield code="i">Title of second work according to IDL:</subfield>
      <subfield code="a">Quaestiones super Averroi De substantia orbis</subfield>
    </datafield>
    <datafield tag="246" ind1="1" ind2=" ">
      <subfield code="i">Title of second work according to BSB-Ink:</subfield>
      <subfield code="a">Expositio et quaestiones in Averrois librum De substantia orbis</subfield>
    </datafield>
    <datafield tag="264" ind1=" " ind2="1">
      <subfield code="a">Vi[n]cent[ie] :</subfield>
      <subfield code="b">Henrici de sanco Urso impensa ingenioq[ue],</subfield>
      <subfield code="c">M.cccc.lxxxvj. xj. Cal[endis] octobris-M.cccc.lxxxvj. xviij. Cal[endis] novembris.  [21 Sept. 1486; 16 Oct. 1486]</subfield>
    </datafield>
    <datafield tag="300" ind1=" " ind2=" ">
      <subfield code="a">[126] leaves ;</subfield>
      <subfield code="c">30 cm (folio)</subfield>
    </datafield>
    <datafield tag="336" ind1=" " ind2=" ">
      <subfield code="a">text</subfield>
      <subfield code="b">txt</subfield>
      <subfield code="2">rdacontent</subfield>
    </datafield>
    <datafield tag="337" ind1=" " ind2=" ">
      <subfield code="a">unmediated</subfield>
      <subfield code="b">n</subfield>
      <subfield code="2">rdamedia</subfield>
    </datafield>
    <datafield tag="338" ind1=" " ind2=" ">
      <subfield code="a">volume</subfield>
      <subfield code="b">nc</subfield>
      <subfield code="2">rdacarrier</subfield>
    </datafield>
    <datafield tag="340" ind1=" " ind2=" ">
      <subfield code="m">folio</subfield>
      <subfield code="2">rdabf</subfield>
    </datafield>
    <datafield tag="340" ind1=" " ind2=" ">
      <subfield code="k">2 columns</subfield>
    </datafield>
    <datafield tag="500" ind1=" " ind2=" ">
      <subfield code="a">Title from incipit (leaf a2 recto), which reads: Incipit expositio clarissimi [et] celeberrimi philosophi Gaetani Thiene[n]sis super libros de a[n]i[m]a Aristotelis philosopho[rum] principis grecorum sapentissimi. At head of page: [Liber] primus</subfield>
    </datafield>
    <datafield tag="500" ind1=" " ind2=" ">
      <subfield code="a">Publication statement from colophon (leaf n5 recto), which reads: Preclarissimi philosophi Gaetani Thiennensis Vicentini: co[m]mento in tria volumina A[ristotelis]. de Anima deo fauente maximo finis impositus est Henrici de sanco Urso impensa ingenioq[ue] diligenter impresso [et] sollerti cura emendato: Vi[n]cen[tie]. Anno ab incarnatione domini. M.cccc.lxxxvj. xj. Cal[endis] octobris.</subfield>
    </datafield>
    <datafield tag="500" ind1=" " ind2=" ">
      <subfield code="a">Colophon leaf t2 recto: Subtilissimis ac difficillimis questionibus in libellum commentatoris de substantia orbis a solertissimo physice veritatis indagatore Joanne de Gandauo compilatis. Deo optimo maximoq[ue] fauente finis feliciter impositus. Impe[n]sa ingenioq[ue] Henrici de sancto Urso summa cum diligentia impressis Vincentie annis d[omi]ni ab incarnatione. M.cccc.lxxxvj. xviij. Cal[endis] novembris.</subfield>
    </datafield>
    <datafield tag="500" ind1=" " ind2=" ">
      <subfield code="a">Leaf a1 verso: table of contents, with first line: Tituli questionum libri de anima Aristotelis. At head of page: Liber [primus]. ""Qqestionum" should be read as: "questionum'.</subfield>
    </datafield>
    <datafield tag="500" ind1=" " ind2=" ">
      <subfield code="a">"Expositio  super libro de substantia orbis" conains also the text by Averroës in Latin translation.</subfield>
    </datafield>
    <datafield tag="500" ind1=" " ind2=" ">
      <subfield code="a">Printer's device on leaf t2 recto.</subfield>
    </datafield>
    <datafield tag="500" ind1=" " ind2=" ">
      <subfield code="a">Text printed in two columns.</subfield>
    </datafield>
    <datafield tag="500" ind1=" " ind2=" ">
      <subfield code="a">Capital spaces without guide letters.</subfield>
    </datafield>
    <datafield tag="500" ind1=" " ind2=" ">
      <subfield code="a">Signatures: a⁸⁻¹ b-c⁶ d-i⁸/⁶ k-p⁸/⁶/⁶ q⁸ r-s⁶ t⁴; a1v, n5v, o2v, q8v, t2v and t3-4 are blank.</subfield>
    </datafield>
    <datafield tag="505" ind1="0" ind2="0">
      <subfield code="g">Leaf a2v-n5r:</subfield>
      <subfield code="t">Expositio clarissimi [et] celeberrimi philosophi Gaetani Thiene[n]sis super libros de a[n]i[m]a Aristotelis philosopho[rum] principis grecorum sapientissimi --</subfield>
      <subfield code="g">Leaf n6r-n8r:</subfield>
      <subfield code="t">Questio de Sensu Agente /</subfield>
      <subfield code="r">disputata per Gaetanum de Thiennis ... --</subfield>
      <subfield code="g">Leaf n8v-o2r:</subfield>
      <subfield code="t">De questionibus co[m]munibus  /</subfield>
      <subfield code="r">disputata p[er] Gaetanum de Thiennis ... --</subfield>
      <subfield code="g">Leaf o3r-q8r:</subfield>
      <subfield code="t">Expositio super libro de substantia orbis /</subfield>
      <subfield code="r">Joannis de Gandauo philosophi clarissimi --</subfield>
      <subfield code="g">Leaf r1r-t2r</subfield>
      <subfield code="t">Questiones singulares super libro de substantia orbis /</subfield>
      <subfield code="r">edite a clarissimo philosopho Joanne de Gandauo</subfield>
    </datafield>
    <datafield tag="510" ind1="4" ind2=" ">
      <subfield code="a">Incunabula short title catalogue,</subfield>
      <subfield code="c">ig00026000</subfield>
      <subfield code="u">https://data.cerl.org/istc/ig00026000</subfield>
    </datafield>
    <datafield tag="510" ind1="4" ind2=" ">
      <subfield code="a">Gesamtkatalog der Wiegendrucke,</subfield>
      <subfield code="c">M45966</subfield>
      <subfield code="u">https://www.gesamtkatalogderwiegendrucke.de/docs/M45966.htm</subfield>
    </datafield>
    <datafield tag="510" ind1="4" ind2=" ">
      <subfield code="a">Gesamtkatalog der Wiegendrucke,</subfield>
      <subfield code="c">M45971</subfield>
      <subfield code="u">https://www.gesamtkatalogderwiegendrucke.de/docs/M45971.htm</subfield>
    </datafield>
    <datafield tag="510" ind1="4" ind2=" ">
      <subfield code="a">Incunabula in Dutch Libraries,</subfield>
      <subfield code="c">1884</subfield>
    </datafield>
    <datafield tag="510" ind1="4" ind2=" ">
      <subfield code="a">Bayerische Staatsbibliotheek Inkunabelkatalog,</subfield>
      <subfield code="c">C-357</subfield>
      <subfield code="u">https://inkunabeln.digitale-sammlungen.de/Ausgabe_C-35.html</subfield>
    </datafield>
    <datafield tag="600" ind1="0" ind2="0">
      <subfield code="a">Aristotle.</subfield>
      <subfield code="t">De anima.</subfield>
    </datafield>
    <datafield tag="600" ind1="0" ind2="0">
      <subfield code="a">Averroës,</subfield>
      <subfield code="d">1126-1198.</subfield>
      <subfield code="t">De substantia orbis.</subfield>
    </datafield>
    <datafield tag="630" ind1="0" ind2="7">
      <subfield code="a">De anima (Aristotle)</subfield>
      <subfield code="2">fast</subfield>
    </datafield>
    <datafield tag="630" ind1="0" ind2="7">
      <subfield code="a">De substantia orbis (Averroës)</subfield>
      <subfield code="2">fast</subfield>
    </datafield>
    <datafield tag="650" ind1=" " ind2="7">
      <subfield code="a">Incunabula</subfield>
      <subfield code="2">fast</subfield>
    </datafield>
    <datafield tag="655" ind1=" " ind2="7">
      <subfield code="a">incunabula (books)</subfield>
      <subfield code="2">aat</subfield>
    </datafield>
    <datafield tag="655" ind1=" " ind2="7">
      <subfield code="a">Incunabula.</subfield>
      <subfield code="2">lcgft</subfield>
    </datafield>
    <datafield tag="655" ind1=" " ind2="7">
      <subfield code="a">Incunabula.</subfield>
      <subfield code="2">rbgenr</subfield>
    </datafield>
    <datafield tag="655" ind1=" " ind2="7">
      <subfield code="a">Incunables.</subfield>
      <subfield code="2">rvmgf</subfield>
    </datafield>
    <datafield tag="700" ind1="0" ind2=" ">
      <subfield code="a">Jean,</subfield>
      <subfield code="c">de Jandun,</subfield>
      <subfield code="e">author.</subfield>
      <subfield code="4">aut</subfield>
      <subfield code="1">https://id.oclc.org/worldcat/entity/E39PBJtCGjj9KMvmypd3TXMByd</subfield>
    </datafield>
    <datafield tag="700" ind1="0" ind2="2">
      <subfield code="i">Container of (work):</subfield>
      <subfield code="a">Jean,</subfield>
      <subfield code="c">de Jandun.</subfield>
      <subfield code="t">Quaestiones in librum De substantia orbis Averrois.</subfield>
    </datafield>
    <datafield tag="700" ind1="0" ind2="2">
      <subfield code="i">Container of (expression):</subfield>
      <subfield code="a">Averroës,</subfield>
      <subfield code="d">1126-1198.</subfield>
      <subfield code="t">De substantia orbis.</subfield>
      <subfield code="l">Latin.</subfield>
      <subfield code="f">1486.</subfield>
    </datafield>
    <datafield tag="700" ind1="1" ind2=" ">
      <subfield code="a">Sancto Ursio, Henricus de,</subfield>
      <subfield code="d">active 1480-1508,</subfield>
      <subfield code="e">printer.</subfield>
      <subfield code="4">prt</subfield>
      <subfield code="1">https://id.oclc.org/worldcat/entity/E39PBJxcWmWYYtPMbk3jD4JRrq</subfield>
    </datafield>
    <datafield tag="752" ind1=" " ind2=" ">
      <subfield code="a">Italy</subfield>
      <subfield code="d">Vicenza,</subfield>
      <subfield code="e">publication place.</subfield>
      <subfield code="4">pup</subfield>
    </datafield>
    <datafield tag="758" ind1=" " ind2=" ">
      <subfield code="a">Commentaria in Aristotelis De anima (Text)</subfield>
      <subfield code="1">https://id.oclc.org/worldcat/entity/E39PCYDvkKtvKvfBjCmHVKdXdP</subfield>
      <subfield code="4">https://id.oclc.org/worldcat/ontology/hasWork</subfield>
    </datafield>
    <datafield tag="936" ind1=" " ind2=" ">
      <subfield code="a">BATCHLOAD</subfield>
    </datafield>
  </record>